| 000 | 00925 a2200169 4500 | ||
|---|---|---|---|
| 003 | Nust | ||
| 005 | 20230330114507.0 | ||
| 040 | _cNust | ||
| 082 | _a900,CHI | ||
| 100 |
_aChild, Gordon _9111589 |
||
| 245 |
_aWhat Happened in History / _cGordon Childe , |
||
| 260 |
_aNew York _bPenguin Book _c1943 |
||
| 300 | _a255:p | ||
| 505 | _aArch/Eology and History (Page-7), Pal/Eolithic Savagery (Page-24), Neolithic Barbarism (Page-43), The Higher Barbarism of the Copper Age (Page-61), The Urban Revolution in Mesopotamia (Page-79), Early Bronze age Civilization in Egypt and India (Page-100), The Expansion of Civilization (Page-115), The Culmination of Bronze age Civilization (Page-134), The Early Iron Age (Page-164), Government Religion and Science in the Iron age (Page-182), The Climax of Ancient Civilization (Page-205), The Decline and Fall of the Ancient World (Page-232). | ||
| 650 | _a History | ||
| 942 |
_2ddc _cBK |
||
| 999 |
_c186103 _d186103 |
||